000 00793nam a2200253Ia 4500
003 OSt
005 20220918171413.0
006 a|||||r|||| 00| 0
007 ta
008 220917b |||||||| |||| 00| 0 eng d
020 _a9781780324883 (pbk)
_c2268.71
024 _a281,909
037 _bCBS/22, 24/07/2014, Classic Book Service
_cTextual
040 _aARTS
_cARTS
_beng
041 _2eng
_aeng
082 _aY:494.6, Q4
100 _aHammar Amanda Ed.
_936400
245 0 _aDisplacement economics in Africa
_b Paradoxes of crisis and creativity
260 _aLondon
_bZed Books UK
_c2014
300 _a260p.
_ccm.
650 _aSOCIOLOGY
942 _hY:494.6, Q4
_cTEXL
_2CC
999 _c139441
_d139441